| 000 | 00358nam a2200145 4500 | ||
|---|---|---|---|
| 999 |
_c144499 _d144499 |
||
| 082 |
_aM3 _bNAL/D |
||
| 100 | _aNalini Bekal | ||
| 245 |
_aDaivathinte Swantham Nattil/ _cby Nalini Bekal |
||
| 260 |
_aThrissur: _bCurrent Books, _c1999. |
||
| 300 | _a88p | ||
| 650 | _aNovel Malayalam | ||
| 650 | _aLiterature Malayalam | ||
| 650 | _aLiterature | ||
| 942 | _cBK | ||